000 05809cam a2200553 i 4500
999 _c118504
_d118504
001 19257930
003 BJBSDDR
005 20230411090912.0
006 a|||||r|||| 00| 0
007 ta
008 160901s2016 dcua b 001 0 eng
010 _a 2016030040
020 _a9780815726968 (paperback : alk. paper)
020 _a0815726961 (paperback : alk. paper)
020 _z9780815726975 (epub)
040 _aDLC
_beng
_cDLC
_erda
_dDLC
041 _aeng
042 _apcc
043 _acl-----
_aa-cc---
_aa-ii---
050 1 4 _aHF 1480.5
_bL357 2016
082 0 0 _a337.8051
245 0 0 _aLatin America and the Asian giants :
_bevolving ties with China and India /
_cedited by Riordan Roett and Guadalupe Paz.
264 1 _aWashington, D.C. :
_bBrookings Institution Press,
_c2016.
300 _aix, 326 pages :
_billustrations ;
_c23 cm
336 _atext
_btxt
_2rdacontent
337 _aunmediated
_bn
_2rdamedia
338 _avolume
_bnc
_2rdacarrier
504 _aIncludes bibliographical references and index.
505 0 _aIntroduction : assessing Latin America's relations with the Asian giant / Guadalupe Paz -- Latin America looks to Asia : integration, cooperation, and geopolitical goals / Riordan Roett -- Recasting South-South links : Indo-Latin American relations / Jorge Heine and Hari Shesasayee -- Sino-Latin American relations from a Chinese perspective / Sun Hongbo -- China goes geopolitical in its strategic partnership with Latin America / Xiang Lanxin -- A Latin American perspective on China's growing presence in the region / Jorge Guajardo -- Latin America's China decade : managing benefits and risks / Kevin P. Gallagher and Rebecca Ray -- Recalibrating Indo-Latin American policy / Deepak Bhojwani -- India's interaction with Argentina, Brazil, Chile, and Mexico / Rengaraj Viswanathan -- Seeking a better deal for Latin America : new opportunities or more of the same? / Anthony Boadle -- Latin America's changing energy landscape : assessing the implications of new Asian players / Francisco Gonzalez -- Latin America at the frontline of food security? / Mariano Turzi -- Latin American trade with India and China : the region needs a "business plan" / Robert Devlin and Theodore Kahn -- Migration in a mobile age : perspectives from China, India, and the Americas / Jacqueline Mazza -- The security dimension of Chinese and Indian engagement in the Americas / R. Evan Ellis -- Chile : a bridge to Asia? / Alicia Frohmann and Manfred Wilhelmy -- Mexico's relationship with China and India : recent developments / Enrique Dussel Peters -- Argentina and Brazil : towards an Atlantic strategy? / Henrique Altemani de Oliveira -- Future scenarios for Latin America's relations with China and India / Mauricio Mesquita Moreira and Theodore Kahn.
520 _a"How an evolving relationship with China and India is changing Latin America's political and economic dynamics. In the years since China has adopted a "going global" strategy to promote its overseas investment, expand export markets, and gain much-needed access to natural resources abroad, Sino-Latin American relations have both deepened and broadened at an unexpectedly rapid pace. The main driver behind this sea change in bilateral relations has been economic complementarity, with resource-rich countries in Latin America exporting primary goods to the Asian giants' growing market and China exporting manufactured goods back into the region. In recent years, Sino-Latin American relations have matured considerably, becoming far more nuanced and multifaceted than ever before. India is a relatively new player in the region, but has slowly strengthened its ties. As one of Asia's largest markets, it offers interesting parallels to the Chinese case. Will Indo-Latin American ties follow a similar path? The main areas of growth include trade and investment, mining, energy, information technology, motor vehicle production, and pharmaceuticals. To what extent these changing dynamics will redefine Latin America's relations with India is a question of increasing relevance for policymakers. This volume offers a review of key cross-regional trends and critical policy issues involving the changing relationship between these two Asian giants and Latin America. Selected country case studies-Argentina, Brazil, Chile, and Mexico-provide a more in-depth analysisof the implications of China's and India's evolving interaction with the region"--
_cProvided by publisher.
650 7 _aPOLITICAL SCIENCE / International Relations / Trade & Tariffs.
_2bisacsh
650 7 _aPOLITICAL SCIENCE / Globalization.
_2bisacsh
650 7 _aPOLITICAL SCIENCE / International Relations / General.
_2bisacsh
651 0 _aLatin America
_xForeign economic relations
_zChina.
651 4 _aAmérica Latina
_xRelaciones económicas exteriores
_zChina
_93394
651 0 _aChina
_xForeign economic relations
_zLatin America.
651 4 _aChina
_xRelaciones económicas exteriores
_zAmérica Latina
_914682
651 0 _aLatin America
_xForeign economic relations
_zIndia.
651 4 _aAmérica Latina
_xRelaciones económicas exteriores
_zIndia
_93394
651 0 _aIndia
_xForeign economic relations
_zLatin America.
651 4 _aIndia
_xRelaciones económicas exteriores
_zAmérica Latina
_928257
700 1 _aRoett, Riordan,
_d1938-
_eeditor.
_94865
700 1 _aPaz, Guadalupe,
_d1970-
_eeditor.
_927396
700 1 _aKahn, Theodore.
_eeditor.
_927398
776 0 8 _iOnline version:
_tLatin America and the Asian giants
_dWashington, D.C. : Brookings Institution Press, 2016
_z9780815726975
_w(DLC) 2016043051
906 _a7
_bcbc
_corignew
_d1
_eecip
_f20
_gy-gencatlg
942 _2lcc
_cBK